| 000 | 00872cab a2200253 4500 | ||
|---|---|---|---|
| 001 | ABS48102 | ||
| 008 | 090401t1993 xxu||||| |||| 00| 0 eng d | ||
| 035 | _a(Sirsi) u64990 | ||
| 041 | _aeng | ||
| 100 | _aBiddick, I. | ||
| 245 | _aHumberside: the strategic and environmental case for the county | ||
| 260 | _c1993 | ||
| 350 | _a0 | ||
| 490 |
_aThe Planner _v79(2) February 1993, 12-15(4) |
||
| 520 | _aPresents a case for the retention of two-tier local government, arguing that strategic planning and environmental policy are functions most effectively dealt with by a county council. Humberside is taken as an example. | ||
| 650 | _aCOUNTY COUNCILS | ||
| 650 | _aENVIRONMENTAL ISSUES | ||
| 650 | _aHUMBERSIDE | ||
| 650 | _aLOCAL GOVERNMENT | ||
| 650 | _aSTRATEGIC PLANNING | ||
| 690 | _aPLANNING LAW AND PRACTICE | ||
| 942 | _n0 | ||
| 948 | _c04/03/1997 | ||
| 999 |
_c40500 _d40500 |
||